Prima il dovere: una ragionevole critica dei diritti umani

Saved in:
Bibliographic Details
Main Author: Vincenti, Umberto (Author)
Format: Book
Language:Italian
Published: Nápoles Jovene Editore 2011
Series:Abbrivi, 6
Subjects:
Tags: Add Tag
No Tags, Be the first to tag this record!

MARC

LEADER 00000cam a2200000 a 4500
001 UCG9708
003 CL-VaPUC
008 120330e20110000IT |||||||||||||||||ita|d
020 |a 9788824320344 
082 0 4 |a 340.112  |b VIN  |2 21 
100 0 |a Vincenti, Umberto  |e author  |9 561349 
245 1 0 |a Prima il dovere: una ragionevole critica dei diritti umani 
300 |a 102 p 
942 |c BK 
945 |d 20120330 00:00:00  |a dcastane 
260 |a Nápoles  |b Jovene Editore  |c 2011 
650 0 |a Derechos humanos  |9 223025 
650 0 |a Derecho natural   |9 255041 
650 0 |a Crítica e interpretación   |9 255042 
583 |a last modification  |c 20120330 10:33:00  |k Rodrigo Vera 
490 0 |a Abbrivi, 6 
999 |c 347254  |d 347252 
952 |0 0  |1 0  |4 0  |6 340_112000000000000_VIN_2011  |7 0  |8 DER_HIS  |9 448487  |a BIBDER  |b BIBDER  |d 2019-11-22  |i 4846478  |o 340.112 VIN 2011  |p 4846478  |r 2023-01-25  |w 2019-11-22  |x Ubicación 4to Piso  |y BK  |z Estos recursos deben solicitarse con anticipación  |k DER